Reklama vybrané problémy
Salvato in:
| Autore principale: | |
|---|---|
| Ente Autore: | |
| Altri autori: | , , |
| Natura: | Libro |
| Lingua: | slovacco |
| Pubblicazione: |
Bratislava
Vydavateľstvo EKONÓM
2009
|
| Soggetti: | |
| Tags: |
Nessun Tag, puoi essere il primo ad aggiungerne!!
|
MARC
| LEADER | 00000nam$a2200000$$$4500 | ||
|---|---|---|---|
| 001 | 0094417 | ||
| 005 | 20240502072041.7 | ||
| 020 | |a 978-80-225-2719-4 | ||
| 041 | 0 | |a slo | |
| 044 | |a SK | ||
| 245 | 1 | 0 | |a Reklama |b vybrané problémy |c Helena Labská, Miroslava Loydlová |
| 264 | 1 | |a Bratislava |b Vydavateľstvo EKONÓM |c 2009 | |
| 300 | |a 82 s. | ||
| 610 | 2 | 0 | |a reklama |
| 610 | 2 | 0 | |a osobnosť |
| 610 | 2 | 0 | |a hospodárstvo národné |
| 610 | 2 | 0 | |a trh reklamný |
| 610 | 2 | 0 | |a vývoj |
| 610 | 2 | 0 | |a agentúry |
| 610 | 2 | 0 | |a kampane reklamné |
| 610 | 2 | 0 | |a internet |
| 610 | 2 | 0 | |a etika |
| 610 | 2 | 0 | |a legislatíva |
| 610 | 2 | 0 | |a Slovensko |
| 100 | 1 | |a Labská, Helena | |
| 700 | 1 | |a Loydlová, Miroslava | |
| 700 | 1 | |a Lechnický, Milan | |
| 700 | 1 | |a Tajtáková, Mária | |
| 710 | 2 | |a Ekonomická univerzita v Bratislave. Obchodná fakulta | |